| 000 | 01262nam a22002297a 4500 | ||
|---|---|---|---|
| 005 | 20251106095136.0 | ||
| 008 | 251106b |||||||| |||| 00| 0 eng d | ||
| 020 | _a9781398539525 | ||
| 040 | _cAL | ||
| 041 | _aeng | ||
| 082 |
_a823.914 _bASHC |
||
| 100 |
_aLauren Asher _9244185 |
||
| 245 | _aCollided | ||
| 260 |
_aLondon _bSimon and Schuster _c2024 |
||
| 300 |
_a600p _bPB _c20x13cm |
||
| 365 |
_2English _a4241 _b₹399.20 _c₹ _d₹499.00 _e20% _f25-10-2025 |
||
| 440 |
_aDirty air series _9244186 |
||
| 520 | _aCreating a naughty bucket list gains Liam Zander's attention, solidifying a destined-for-failure friendship. Liam is Formula 1’s golden boy. Irresistible. Unattainable. Whisperer of seductive promises. A closet nerd who reads novels and discusses movie plot holes for fun. The type of man who should come with a complimentary roll of caution tape. He wants to strike a deal. Cross off naughty bucket list items together while traveling around the world. I should say no and walk away. Instead, we make a bet. I broke my biggest rule, unwillingly adding a new item to my list while shattering my heart—and friendship—in the process. | ||
| 650 |
_aEnglish Fiction _9244178 |
||
| 650 |
_aEnglish Novel _9244179 |
||
| 942 |
_2ddc _cBK |
||
| 999 |
_c240673 _d240673 |
||